[Event "Erandio op 23rd"]
[Site "Erandio"]
[Date "2014.12.20"]
[Round "1"]
[White "Lopez de Castro, Joseph"]
[Black "Mate Adan, Carlos"]
[Result "0-1"]
[WhiteElo "1770"]
[BlackElo "2313"]
[PlyCount "92"]
[EventDate "2014.12.20"]
[EventType "swiss"]
[EventRounds "8"]
[EventCountry "ESP"]
[SourceTitle "CBM 164 Extra"]
[Source "ChessBase"]
[SourceDate "2015.03.02"]
[SourceVersion "1"]
[SourceVersionDate "2015.03.02"]
[SourceQuality "1"]

1. e4 g6 2. d4 Bg7 3. Nf3 b6 4. Be2 Bb7 5. Nc3 e6 6. 0-0 d6 7. Be3 Ne7 8. Qd2 h6 9. Rfe1 a6 10. Bd3 Nd7 11. Rad1 Kf8 12. h4 Kg8 13. Ne2 Nf6 14. Nc3 Qd7 15. Nh2 e5 16. dxe5 dxe5 17. Qe2 Qe8 18. Ng4 Nxg4 19. Qxg4 h5 20. Qe2 Bf6 21. Bg5 Bxg5 22. hxg5 Qc6 23. Bc4 b5 24. Bb3 Re8 25. Nd5 Nxd5 26. Bxd5 Qb6 27. Bb3 c5 28. Bd5 Kg7 29. Bxb7 Qxb7 30. Rd5 Qe7 31. Qe3 c4 32. Qb6 Qxg5 33. Red1 h4 34. Qe3 Qg4 35. Rd7 h3 36. Qf3 Qxf3 37. gxf3 Re6 38. R1d6 h2+ 39. Kh1 Rxd6 40. Rxd6 Rh3 41. Rxa6 Rxf3 42. Kg2 Rxf2+ 43. Kh1 g5 44. a4 b4 45. Rb6 g4 46. a5 g3 0-1

[Event "Mondragon op 13th"]
[Site "Mondragon"]
[Date "2013.12.26"]
[Round "1"]
[White "Montolio Benedicto, Cesar"]
[Black "Mate Adan, Carlos"]
[Result "1/2-1/2"]
[WhiteElo "1950"]
[BlackElo "2265"]
[PlyCount "201"]
[EventDate "2013.12.26"]
[EventType "swiss"]
[EventRounds "6"]
[EventCountry "ESP"]
[SourceTitle "CBM 158 Extra"]
[Source "ChessBase"]
[SourceDate "2014.02.28"]
[SourceVersion "1"]
[SourceVersionDate "2014.02.28"]
[SourceQuality "1"]

1. e4 d5 2. exd5 Nf6 3. d4 Bg4 4. Be2 Bxe2 5. Qxe2 Qxd5 6. Nf3 e6 7. Nc3 Bb4 8. Bd2 Bxc3 9. Bxc3 Nc6 10. 0-0 0-0 11. b3 Rfd8 12. Bb2 Qf5 13. c3 Rd7 14. Rfe1 Rad8 15. Ne5 Nxe5 16. Qxe5 Qd3 17. Re3 Qc2 18. Re2 Qg6 19. Qg3 Qf5 20. Qe5 Qxe5 21. Rxe5 Ng4 22. Re4 Nf6 23. Re5 c6 24. Rae1 Rd5 25. h3 Nd7 26. Rxd5 cxd5 27. Kf1 Rc8 28. Ke2 Rc6 29. Kd3 Ra6 30. a4 Rb6 31. Kc2 f6 32. Re3 Kf7 33. Ba3 Rc6 34. Kd3 Rb6 35. Kc2 Ra6 36. Bb2 g6 37. Kd3 h6 38. Kc2 Rc6 39. Kd3 a6 40. Ba3 Rb6 41. Kc2 Rc6 42. Kd3 Rc8 43. Re1 h5 44. Re3 Nb8 45. Re1 Nc6 46. Bd6 Na5 47. Kc2 Nc6 48. Kd3 Rd8 49. Bc7 Ra8 50. Ra1 g5 51. Bd6 Rd8 52. Bc7 Rd7 53. Bb6 Kg6 54. Re1 Re7 55. Bc5 Re8 56. c4 Kf7 57. cxd5 exd5 58. Rxe8 Kxe8 59. b4 b5 60. axb5 axb5 61. g4 Kf7 62. gxh5 Kg7 63. Ke3 Kh6 64. f4 Kxh5 65. fxg5 fxg5 66. Kf3 Kh4 67. Kg2 g4 68. hxg4 Kxg4 69. Bd6 Nxd4 70. Kf2 Kf5 71. Ke3 Ke6 72. Bf8 Nc6 73. Kf4 Nb8 74. Bg7 Nd7 75. Ke3 Kd6 76. Kd4 Kc6 77. Bh6 Nb6 78. Bf8 Nc4 79. Be7 Nd6 80. Bf8 Nf5+ 81. Ke5 Nh4 82. Bc5 Nf3+ 83. Kf4 Ne1 84. Bf8 Nc2 85. Ke5 Na1 86. Be7 Nb3 87. Bf8 Nd2 88. Be7 Nf3+ 89. Kf4 Nd2 90. Ke5 Nc4+ 91. Kd4 Na3 92. Bf8 Nc2+ 93. Ke5 Ne3 94. Kd4 Ng4 95. Bc5 Nf6 96. Bf8 Ng4 97. Be7 Nh6 98. Bf8 Nf5+ 99. Ke5 Ne3 100. Kd4 Nc2+ 101. Ke5 1/2-1/2

[Event "ESP-chT CECLUB Div1 Final Permanencia"]
[Site "Don Benito"]
[Date "2012.08.05"]
[Round "2.1"]
[White "Pena Gomez, Manuel"]
[Black "Mate Adan, Carlos"]
[Result "1-0"]
[WhiteElo "2408"]
[BlackElo "2276"]
[PlyCount "67"]
[EventDate "2012.07.30"]
[EventType "team"]
[EventRounds "2"]
[EventCountry "ESP"]
[SourceTitle "CBM 149 Extra"]
[Source "ChessBase"]
[SourceDate "2012.08.24"]
[SourceVersion "1"]
[SourceVersionDate "2012.08.24"]
[SourceQuality "1"]
[WhiteTeam "Vigo Universidad"]
[BlackTeam "Regatas"]
[WhiteTeamCountry "ESP"]
[BlackTeamCountry "ESP"]

1. c4 e5 2. g3 Nc6 3. Bg2 f5 4. d3 Nf6 5. Nc3 Bb4 6. Bd2 d6 7. e3 0-0 8. Nge2 Be6 9. Nd5 Bxd2+ 10. Qxd2 Rb8 11. 0-0 Ne7 12. Nxf6+ Rxf6 13. f4 Qd7 14. Qc3 Ng6 15. d4 exf4 16. d5 Bf7 17. exf4 c5 18. dxc6 bxc6 19. Rad1 d5 20. Nd4 Qb7 21. b3 dxc4 22. bxc4 Qb2 23. Rc1 Qxa2 24. Rc2 Qa6 25. Ra1 Qb7 26. Qa5 Rd6 27. Nxf5 Rd7 28. Qc3 Be8 29. Re1 Nf8 30. Rce2 Bg6 31. Re7 Rxe7 32. Rxe7 Qb1+ 33. Bf1 Qb2 34. Rxg7+ 1-0

[Event "ESP-chT CECLUB Div1 GpB"]
[Site "Don Benito"]
[Date "2012.07.31"]
[Round "2"]
[White "Anton Guijarro, David"]
[Black "Mate Adan, Carlos"]
[Result "1-0"]
[WhiteElo "2490"]
[BlackElo "2276"]
[PlyCount "127"]
[EventDate "2012.07.30"]
[EventType "team"]
[EventRounds "5"]
[EventCountry "ESP"]
[SourceTitle "CBM 149 Extra"]
[Source "ChessBase"]
[SourceDate "2012.08.24"]
[SourceVersion "1"]
[SourceVersionDate "2012.08.24"]
[SourceQuality "1"]
[WhiteTeam "Virgen de Atocha"]
[BlackTeam "Regatas"]
[WhiteTeamCountry "ESP"]
[BlackTeamCountry "ESP"]

1. Nf3 Nc6 2. e4 g6 3. d4 Bg7 4. Nc3 d6 5. Be3 Bg4 6. Bb5 a6 7. Bxc6+ bxc6 8. h3 Bxf3 9. Qxf3 e6 10. 0-0-0 Ne7 11. h4 h6 12. Kb1 Qb8 13. Rd3 a5 14. Qe2 Qb4 15. Nd1 a4 16. Bd2 Qb5 17. Bc3 Rb8 18. Qd2 d5 19. f3 0-0 20. a3 Nc8 21. Bb4 Nd6 22. Qf4 e5 23. dxe5 Nc4 24. exd5 Bxe5 25. Qc1 Rfd8 26. Nc3 Qa6 27. dxc6 Qxc6 28. Rxd8+ Rxd8 29. Rd1 Rb8 30. Rd3 Kg7 31. Qe1 Bf6 32. Qe4 Qxe4 33. Nxe4 Bxb2 34. Ka2 Be5 35. Nc5 Nb6 36. Ne4 f5 37. Nc5 Bf6 38. g3 Re8 39. Bc3 f4 40. Bxf6+ Kxf6 41. Ne4+ Ke5 42. g4 Re7 43. Kb2 Rd7 44. Kc3 Rd5 45. Rxd5+ Nxd5+ 46. Kd3 Nb6 47. Nc3 c6 48. Ne4 Kd5 49. c4+ Ke5 50. Nc5 h5 51. g5 Kd6 52. Kd4 Ke7 53. Nd3 Nd7 54. Nxf4 Kf7 55. Nd3 Ke7 56. Ne5 Nf8 57. Kc5 Ne6+ 58. Kxc6 Nd4+ 59. Kd5 Nc2 60. Nxg6+ Ke8 61. Kc5 Ne1 62. f4 Kf7 63. f5 Nf3 64. Kd5 1-0

[Event "ESP-chT CECLUB Div1 GpB"]
[Site "Don Benito"]
[Date "2012.07.30"]
[Round "1"]
[White "Espinosa Aranda, Angel"]
[Black "Mate Adan, Carlos"]
[Result "1-0"]
[WhiteElo "2402"]
[BlackElo "2276"]
[PlyCount "107"]
[EventDate "2012.07.30"]
[EventType "team"]
[EventRounds "5"]
[EventCountry "ESP"]
[SourceTitle "CBM 149 Extra"]
[Source "ChessBase"]
[SourceDate "2012.08.24"]
[SourceVersion "1"]
[SourceVersionDate "2012.08.24"]
[SourceQuality "1"]
[WhiteTeam "Almagro"]
[BlackTeam "Regatas"]
[WhiteTeamCountry "ESP"]
[BlackTeamCountry "ESP"]

1. e4 e6 2. d4 d5 3. Nc3 Nf6 4. Bg5 Bb4 5. exd5 Qxd5 6. Bxf6 Bxc3+ 7. bxc3 gxf6 8. Qg4 Bd7 9. Qg7 Rf8 10. Qxf6 Ba4 11. Be2 Nd7 12. Qf3 Bxc2 13. Qxd5 exd5 14. Kd2 Bg6 15. h4 Nf6 16. f3 0-0-0 17. g4 h6 18. Nh3 Rd6 19. Nf4 Nd7 20. g5 hxg5 21. hxg5 Nb6 22. Rh6 Nc4+ 23. Bxc4 dxc4 24. Rah1 Ra6 25. Rh8 Rxh8 26. Rxh8+ Kd7 27. Nxg6 fxg6 28. Rg8 Rxa2+ 29. Ke3 Rc2 30. Rg7+ Ke6 31. Ke4 Rxc3 32. d5+ Kd6 33. Rxg6+ Kd7 34. Rg7+ Kd6 35. g6 Rc1 36. Rf7 Rg1 37. g7 b5 38. f4 b4 39. f5 b3 40. Rf6+ Kc5 41. Rc6+ Kb4 42. Rxc7 b2 43. Rb7+ Ka3 44. f6 c3 45. Kd3 Rg3+ 46. Kc2 a5 47. f7 Rg2+ 48. Kxc3 Rg3+ 49. Kc4 Rg4+ 50. Kc5 Rb4 51. Rxb4 axb4 52. f8Q b1Q 53. g8Q Qc2+ 54. Kb6 1-0

[Event "Pielagos op 17th"]
[Site "Pielagos"]
[Date "2011.09.02"]
[Round "8"]
[White "Vassallo Barroche, Mauricio"]
[Black "Mate Adan, Carlos"]
[Result "1/2-1/2"]
[WhiteElo "2416"]
[BlackElo "2260"]
[PlyCount "69"]
[EventDate "2011.08.27"]
[EventType "swiss"]
[EventRounds "9"]
[EventCountry "ESP"]
[SourceTitle "CBM 144 Extra"]
[Source "ChessBase"]
[SourceDate "2011.10.28"]
[SourceVersion "1"]
[SourceVersionDate "2011.10.28"]
[SourceQuality "1"]

1. d4 c5 2. d5 d6 3. e4 Nf6 4. Nc3 g6 5. Nf3 Bg7 6. Bb5+ Nbd7 7. a4 0-0 8. 0-0 a6 9. Be2 b6 10. h3 Bb7 11. Bf4 Ne8 12. Qd2 Nc7 13. Bh6 Nf6 14. Bxg7 Kxg7 15. Rfe1 Qd7 16. Nh2 e6 17. Ng4 Nxg4 18. hxg4 b5 19. Bf3 b4 20. Nd1 exd5 21. exd5 Rae8 22. Ne3 h6 23. Nc4 Rxe1+ 24. Rxe1 Re8 25. Rxe8 Nxe8 26. b3 Qe7 27. g3 Qf6 28. Kg2 Nc7 29. Na5 Ba8 30. Nc4 Bb7 31. Na5 Ba8 32. Nc4 Bb7 33. Qd3 Kf8 34. Qd2 Kg7 35. Na5 1/2-1/2

[Event "ESP-chT CECLUB Div2 Gp1"]
[Site "Padron"]
[Date "2011.08.11"]
[Round "3"]
[White "Huerga Leache, Mikel"]
[Black "Mate Adan, Carlos"]
[Result "1-0"]
[WhiteElo "2453"]
[BlackElo "2260"]
[PlyCount "103"]
[EventDate "2011.08.10"]
[EventType "team-swiss"]
[EventRounds "6"]
[EventCountry "ESP"]
[SourceTitle "CBM 143 Extra"]
[Source "ChessBase"]
[SourceDate "2011.08.29"]
[SourceVersion "1"]
[SourceVersionDate "2011.08.29"]
[SourceQuality "1"]
[WhiteTeam "Bilbao Haitzak"]
[BlackTeam "Regatas"]
[WhiteTeamCountry "ESP"]
[BlackTeamCountry "ESP"]

1. e4 Nf6 2. e5 Nd5 3. d4 d6 4. c4 Nb6 5. exd6 exd6 6. Nc3 Be7 7. Bd3 0-0 8. Nge2 Bg4 9. Qc2 Bxe2 10. Nxe2 g6 11. 0-0 Nc6 12. a3 Bf6 13. Be3 Re8 14. b4 Qe7 15. Rae1 Qf8 16. Qb3 Qg7 17. c5 Nd7 18. Bb5 a5 19. Rd1 axb4 20. axb4 Red8 21. h3 Nf8 22. cxd6 Rxd6 23. d5 Ne7 24. Bc5 Rdd8 25. d6 cxd6 26. Bb6 Rdb8 27. Bc7 Rc8 28. Bxd6 Nf5 29. Bxf8 Qxf8 30. Bd7 Rd8 31. Bxf5 gxf5 32. Qg3+ Kh8 33. Qf4 Rxd1 34. Rxd1 Rd8 35. Rxd8 Qxd8 36. Ng3 Qd1+ 37. Kh2 Qd5 38. Qb8+ Bd8 39. Nxf5 Qd7 40. Qe5+ f6 41. Qe4 Bb6 42. f4 Bc7 43. h4 Bd6 44. Nxd6 Qxd6 45. g3 b6 46. b5 Kg7 47. Qb7+ Kg6 48. h5+ Kxh5 49. Qg7 Qd3 50. g4+ Kh4 51. Qxf6+ Kxg4 52. Qg5+ 1-0

[Event "Burgas op 18th"]
[Site "Ourense"]
[Date "2009.07.14"]
[Round "8"]
[White "Mate Adan, Carlos"]
[Black "Outomuro Nieves, Rafael"]
[Result "1-0"]
[WhiteElo "2277"]
[BlackElo "2039"]
[PlyCount "87"]
[EventDate "2009.07.07"]
[EventType "swiss"]
[EventRounds "9"]
[EventCountry "ESP"]
[SourceTitle "CBM 131 Extra"]
[Source "ChessBase"]
[SourceDate "2009.09.03"]
[SourceVersion "2"]
[SourceVersionDate "2009.09.16"]
[SourceQuality "1"]

1. e4 c5 2. Nc3 Nc6 3. Bb5 d6 4. Bxc6+ bxc6 5. f4 Qc7 6. d3 g6 7. Nf3 Bg7 8. Bd2 Rb8 9. b3 h5 10. 0-0 e6 11. Qe1 Ne7 12. Rd1 Ba6 13. Na4 Bb5 14. Bc3 f6 15. Nb2 Kf7 16. Ba5 Qd7 17. c4 Ba6 18. Bc3 Bc8 19. Na4 Qd8 20. Qf2 Kg8 21. Rfe1 Kh7 22. e5 Nf5 23. exd6 Qxd6 24. g3 Re8 25. Nxc5 Ra8 26. b4 Qb8 27. Qb2 a5 28. Bxf6 Qxb4 29. Ng5+ Kg8 30. Qxb4 axb4 31. Bxg7 Nxg7 32. Rd2 Re7 33. Rb1 e5 34. Re2 Bg4 35. Rxe5 Rxe5 36. fxe5 Rxa2 37. Rxb4 Ra1+ 38. Kf2 Ra2+ 39. Ke1 Re2+ 40. Kf1 Rxe5 41. Rb8+ Ne8 42. Nce6 Bxe6 43. Rxe8+ Kg7 44. Nxe6+ 1-0

[Event "Burgas op 18th"]
[Site "Ourense"]
[Date "2009.07.13"]
[Round "7"]
[White "Mate Adan, Carlos"]
[Black "Otero Nogueira, Brais"]
[Result "0-1"]
[WhiteElo "2277"]
[BlackElo "1894"]
[PlyCount "70"]
[EventDate "2009.07.07"]
[EventType "swiss"]
[EventRounds "9"]
[EventCountry "ESP"]
[SourceTitle "CBM 131 Extra"]
[Source "ChessBase"]
[SourceDate "2009.09.03"]
[SourceVersion "2"]
[SourceVersionDate "2009.09.16"]
[SourceQuality "1"]

1. d4 Nf6 2. Nc3 c5 3. d5 d6 4. e4 g6 5. f4 Bg4 6. Be2 Bxe2 7. Qxe2 Bg7 8. Nf3 0-0 9. 0-0 Na6 10. Nd2 Rb8 11. a4 Nb4 12. Nc4 Nd7 13. Kh1 f5 14. e5 dxe5 15. fxe5 e6 16. dxe6 Nb6 17. Rd1 Qe7 18. Nxb6 axb6 19. Rd6 Rbd8 20. Qc4 Kh8 21. Bf4 g5 22. Bg3 f4 23. Bf2 Bxe5 24. Rxd8 Rxd8 25. Ne4 Bxb2 26. Re1 Bd4 27. c3 Bxf2 28. Nxf2 Nc2 29. Rd1 Re8 30. h4 Ne3 31. Qe2 Nxd1 32. Qxd1 Qxe6 33. Qh5 g4 34. Qg5 g3 35. Nh3 Qe1+ 0-1

[Event "Cantabria-chT Honor"]
[Site "Cantabria"]
[Date "2008.11.08"]
[Round "1"]
[White "Casuso Ruiz, Roman"]
[Black "Mate Adan, Carlos"]
[Result "0-1"]
[WhiteElo "2131"]
[BlackElo "2271"]
[PlyCount "116"]
[EventDate "2008.11.08"]
[EventType "swiss"]
[EventCountry "ESP"]
[SourceTitle "EXT 2024"]
[Source "ChessBase"]
[SourceDate "2023.10.10"]
[SourceVersion "1"]
[SourceVersionDate "2023.10.10"]
[SourceQuality "1"]

1. c4 e5 2. Nc3 Nc6 3. g3 f5 4. Bg2 Nf6 5. d3 Bb4 6. e3 Bxc3+ 7. bxc3 d6 8. Rb1 0-0 9. Qa4 Qe8 10. Ne2 e4 11. d4 Ne5 12. Qxe8 Nd3+ 13. Kf1 Rxe8 14. Nf4 Nxf4 15. exf4 b6 16. Kg1 Ba6 17. Bf1 c6 18. Be3 Rec8 19. Kg2 d5 20. c5 Bc4 21. a4 Rab8 22. cxb6 axb6 23. Rb4 b5 24. Bxc4 dxc4 25. axb5 Nd5 26. Rxc4 cxb5 27. Rxc8+ Rxc8 28. Rb1 Nxc3 29. Rb3 Rc4 30. Ra3 Na4 31. Kh3 Kf7 32. Kh4 h6 33. Kh5 Rc8 34. Rb3 g6+ 35. Kh4 Rb8 36. Bd2 Ke6 37. Rb4 Kd5 38. Kh3 Kc6 39. Kg2 Nb6 40. Rb1 Nd5 41. Bb4 Nxb4 42. Rxb4 Ra8 43. d5+ Kc5 44. Rb2 Ra3 45. Rc2+ Kxd5 46. Rc8 Ra6 47. Rb8 Kc4 48. Kf1 b4 49. Ke1 Rd6 50. Rc8+ Kb3 51. Rb8 Kc3 52. h3 b3 53. Rc8+ Kb2 54. Rb8 Kc2 55. Rc8+ Kb1 56. Rb8 b2 57. Rc8 Rd3 58. Ke2 Ka2 0-1

[Event "ESP-chT CECLUB Norte Div 1"]
[Site "Sabadell"]
[Date "2007.08.18"]
[Round "5"]
[White "Lopez Gracia, Fernando"]
[Black "Mate Adan, Carlos"]
[Result "1-0"]
[WhiteElo "2270"]
[BlackElo "2260"]
[PlyCount "51"]
[EventDate "2007.08.15"]
[EventType "team-tourn"]
[EventRounds "6"]
[EventCountry "ESP"]
[SourceTitle "CBM 119 Extra"]
[Source "ChessBase"]
[SourceDate "2007.09.04"]
[SourceVersion "1"]
[SourceVersionDate "2007.09.04"]
[SourceQuality "1"]

1. e4 c6 2. d4 d5 3. Nc3 dxe4 4. Nxe4 Nf6 5. Nxf6+ exf6 6. c3 Bd6 7. Bd3 0-0 8. Qc2 h6 9. Ne2 Re8 10. 0-0 Qc7 11. Ng3 Nd7 12. Be3 Nf8 13. Rfe1 Bd7 14. c4 Ne6 15. Qd2 Bf4 16. Bc2 Rad8 17. Qd3 g6 18. Nh5 gxh5 19. Qh7+ Kf8 20. d5 Ke7 21. Bc5+ Bd6 22. dxe6 Bxe6 23. Rxe6+ Kxe6 24. Bf5+ Ke5 25. Re1+ Kf4 26. g3+ 1-0

[Event "Benidorm op U2300 02nd"]
[Site "Benidorm"]
[Date "2002.??.??"]
[Round "9.3"]
[White "Mate Adan, Carlos"]
[Black "Varga, Mariano"]
[Result "1-0"]
[WhiteElo "2296"]
[BlackElo "2275"]
[PlyCount "55"]
[EventDate "2002.11.22"]
[EventType "swiss"]
[EventRounds "9"]
[EventCountry "ESP"]
[SourceTitle "CBM 091 Extra"]
[Source "ChessBase"]
[SourceDate "2003.01.09"]
[SourceVersion "1"]
[SourceVersionDate "2003.01.09"]
[SourceQuality "1"]

1. e4 c5 2. Nc3 Nc6 3. g3 e6 4. Bg2 g6 5. d3 Bg7 6. Be3 d6 7. Qd2 h6 8. Nf3 Nd4 9. 0-0 Ne7 10. Rab1 Nec6 11. a3 Nxf3+ 12. Bxf3 Nd4 13. Bg2 Rb8 14. b4 Kf8 15. bxc5 dxc5 16. Na4 Qc7 17. c3 Bd7 18. cxd4 Bxa4 19. dxc5 e5 20. Qb4 Bc6 21. f4 Rd8 22. Rbd1 a5 23. Qc4 Qd7 24. fxe5 Bxe5 25. d4 Bb5 26. Rxf7+ Qxf7 27. Qxb5 Kg7 28. Rf1 1-0

[Event "Benidorm op U2300 02nd"]
[Site "Benidorm"]
[Date "2002.??.??"]
[Round "2.2"]
[White "Serrano Marhuenda, Salvador"]
[Black "Mate Adan, Carlos"]
[Result "0-1"]
[WhiteElo "2196"]
[BlackElo "2296"]
[PlyCount "104"]
[EventDate "2002.11.22"]
[EventType "swiss"]
[EventRounds "9"]
[EventCountry "ESP"]
[SourceTitle "CBM 091 Extra"]
[Source "ChessBase"]
[SourceDate "2003.01.09"]
[SourceVersion "1"]
[SourceVersionDate "2003.01.09"]
[SourceQuality "1"]

1. e4 c6 2. d4 d5 3. Nc3 dxe4 4. Nxe4 Nf6 5. Ng3 c5 6. Nf3 Nc6 7. Be3 cxd4 8. Nxd4 Nxd4 9. Qxd4 Qxd4 10. Bxd4 Bd7 11. 0-0-0 Bc6 12. f3 e6 13. Bd3 Be7 14. Rhe1 0-0 15. Nf5 Bd8 16. Nd6 Nd5 17. a3 Bg5+ 18. Kb1 Rfd8 19. Ne4 Bf4 20. Bg1 b6 21. c4 Ne7 22. Bc2 Nf5 23. g3 Be5 24. Ng5 Bf6 25. f4 h6 26. Ne4 Bd4 27. g4 Bxg1 28. gxf5 Bxh2 29. fxe6 Bxf4 30. e7 Rxd1+ 31. Rxd1 Re8 32. Rd8 Bc7 33. Rxe8+ Bxe8 34. b4 f5 35. Nc3 Kf7 36. Nd5 Bd6 37. Bxf5 Bxe7 38. Kc2 Bd6 39. Kd3 g6 40. Bh3 Be5 41. c5 bxc5 42. bxc5 Bb2 43. Kc4 Bxa3 44. Nc7 Bc6 45. Nb5 Bxb5+ 46. Kxb5 Ke7 47. Bg2 h5 48. c6 Kd6 49. Ka6 Bc5 50. Kb7 Bb6 51. Be4 g5 52. Bg6 h4 0-1

[Event "Erandio op 10th"]
[Site "Erandio"]
[Date "2001.12.26"]
[Round "4"]
[White "Nava Pereda, Carlos"]
[Black "Mate Adan, Carlos"]
[Result "0-1"]
[WhiteElo "2337"]
[BlackElo "2262"]
[PlyCount "81"]
[EventDate "2001.12.22"]
[EventType "swiss"]
[EventRounds "8"]
[EventCountry "ESP"]
[SourceTitle "EXT 2024"]
[Source "ChessBase"]
[SourceDate "2023.10.10"]
[SourceVersion "1"]
[SourceVersionDate "2023.10.10"]
[SourceQuality "1"]

1. Nf3 Nf6 2. c4 g6 3. Nc3 Bg7 4. e4 d6 5. d4 0-0 6. Be2 c5 7. 0-0 cxd4 8. Nxd4 Nc6 9. Be3 Nxd4 10. Bxd4 Bd7 11. f4 Bc6 12. Bf3 Nd7 13. Bxg7 Kxg7 14. Kh1 a5 15. Qe2 a4 16. e5 dxe5 17. fxe5 e6 18. Bxc6 bxc6 19. Rad1 Qc7 20. Rd6 Ra5 21. Rfd1 Nxe5 22. Nb5 cxb5 23. Qxe5+ Kg8 24. cxb5 Qb8 25. Qf6 Qxb5 26. Rf1 Qe5 27. Qe7 Rd5 28. Rxd5 Qxd5 29. a3 Qd4 30. Qb7 Qc4 31. Qf3 e5 32. h3 e4 33. Qf4 Re8 34. Rd1 Qb3 35. Qd2 Qb5 36. Re1 e3 37. Qb4 Qd7 38. Qc4 e2 39. Qc2 Qb5 40. Kh2 h5 41. g3 0-1

[Event "ESP-ch op-A"]
[Site "Cala Mendia"]
[Date "2001.11.22"]
[Round "6"]
[White "Mate Adan, Carlos"]
[Black "Granados Gomez, Manuel"]
[Result "1-0"]
[WhiteElo "2262"]
[BlackElo "2428"]
[PlyCount "87"]
[EventDate "2001.11.17"]
[EventType "swiss"]
[EventRounds "9"]
[EventCountry "ESP"]
[SourceTitle "CBM 085 Extra"]
[Source "ChessBase"]
[SourceDate "2002.01.21"]
[SourceVersion "1"]
[SourceVersionDate "2002.01.21"]
[SourceQuality "1"]

1. e4 e5 2. Nc3 Nf6 3. Bc4 Nc6 4. d3 Na5 5. Nge2 Nxc4 6. dxc4 d6 7. 0-0 c6 8. b3 Be6 9. Bb2 Be7 10. Qd3 0-0 11. Ng3 Qa5 12. Rfe1 g6 13. a4 Rad8 14. Rad1 Ne8 15. Qd2 Kh8 16. f4 Ng7 17. Kh1 Bg4 18. Rb1 exf4 19. Qxf4 Qg5 20. Qf2 Bf6 21. Qxa7 c5 22. e5 Bxe5 23. Nce4 Qh4 24. Bxe5 dxe5 25. Qxc5 f5 26. Nf2 f4 27. Nxg4 Qxg4 28. Ne4 f3 29. Qf2 Rf4 30. gxf3 Rxf3 31. Qg2 Rf4 32. Qxg4 Rxg4 33. Rbd1 Rf8 34. Nf6 Rh4 35. Rxe5 Nf5 36. Re8 Rxe8 37. Nxe8 Re4 38. Nd6 Re2 39. Nxf5 gxf5 40. Rd7 f4 41. Rxb7 f3 42. Kg1 Rg2+ 43. Kf1 Rxh2 44. a5 1-0

[Event "ESP-chT2"]
[Site "Vila Real"]
[Date "2001.08.16"]
[Round "4"]
[White "Perpinya Rofes, Lluis Maria"]
[Black "Mate Adan, Carlos"]
[Result "1/2-1/2"]
[WhiteElo "2337"]
[BlackElo "2262"]
[PlyCount "62"]
[EventDate "2001.08.13"]
[EventType "team-tourn"]
[EventRounds "7"]
[EventCountry "ESP"]
[SourceTitle "EXT 2002"]
[Source "ChessBase"]
[SourceDate "2001.11.25"]
[SourceVersion "1"]
[SourceVersionDate "2001.11.25"]
[SourceQuality "1"]

1. e4 c6 2. d4 d5 3. Nc3 dxe4 4. Nxe4 Nf6 5. Nxf6+ exf6 6. c3 Bd6 7. Bd3 Qc7 8. Qh5 Be6 9. Ne2 Nd7 10. 0-0 0-0-0 11. b4 g6 12. Qh6 f5 13. Bf4 Nb6 14. Bxd6 Qxd6 15. Nf4 Bd7 16. Rfe1 Nd5 17. Nxd5 cxd5 18. Rac1 Kb8 19. Re2 Be6 20. g3 Rc8 21. Rec2 Rc7 22. Qg7 Rcc8 23. c4 dxc4 24. Bxc4 f4 25. Bxe6 Qxe6 26. Qh6 fxg3 27. Qf4+ Ka8 28. Rxc8+ Rxc8 29. Rxc8+ Qxc8 30. hxg3 Qe6 31. Qg5 Qe1+ 1/2-1/2